|
|
|
|
| LEADER |
00875nab a2200253 i 4500 |
| 001 |
publ20704 |
| 005 |
20210212153255.0 |
| 008 |
210212s2019 hu o 0|| zxx d |
| 022 |
|
|
|a 1788-7593
|
| 024 |
7 |
|
|a 30702096
|2 mtmt
|
| 040 |
|
|
|a SZTE Publicatio Repozitórium
|b hun
|
| 041 |
|
|
|a zxx
|
| 100 |
1 |
|
|a Molnár Tamás
|
| 245 |
1 |
0 |
|a Műanyag kompozitok mechanikai jellemzőinek vizsgálata
|h [elektronikus dokumentum] /
|c Molnár Tamás
|
| 260 |
|
|
|c 2019
|
| 300 |
|
|
|a 99-110
|
| 490 |
0 |
|
|a JELENKORI TÁRSADALMI ÉS GAZDASÁGI FOLYAMATOK
|v 14 No. 1
|
| 700 |
0 |
1 |
|a Bíró István
|e aut
|
| 700 |
0 |
1 |
|a Szuchy Péter
|e aut
|
| 700 |
0 |
1 |
|a Varnyú Ferenc
|e aut
|
| 700 |
0 |
1 |
|a Csikós Sándor
|e aut
|
| 700 |
0 |
1 |
|a Gogolák László
|e aut
|
| 700 |
0 |
1 |
|a Sárosi József
|e aut
|
| 856 |
4 |
0 |
|u http://publicatio.bibl.u-szeged.hu/20704/1/Dr.MolnarTamasGezaMTDKKonferenciaTeljescikk.pdf
|z Dokumentum-elérés
|